|
|
|
|
| LEADER |
00777nam a22002172a 4500 |
| 001 |
001219341 |
| 003 |
CZ BrMZK |
| 005 |
20121205114104.0 |
| 007 |
ta |
| 008 |
120604s1976 gw er 000 0 ger d |
| 040 |
|
|
|a BOA001
|b cze
|
| 100 |
1 |
|
|a Becker, Peter H.
|4 dis
|
| 245 |
1 |
0 |
|a Artkennzeichnende Merkmale, geographische Variation und Funktion des Gesanges von Winter- und Sommergoldhähnchen :
|b Regulus regulus, R. ignicapillus /
|c Peter H. Becker
|
| 260 |
|
|
|a Köln :
|b P.H. Becker,
|c 1976
|
| 300 |
|
|
|a 128 s.
|
| 502 |
|
|
|a Disertace--Universität zu Köln, 1976
|
| 710 |
2 |
|
|a Universität zu Köln
|7 kn20020322445
|
| 910 |
|
|
|a BOA001
|b 2-0760.380
|
| 990 |
|
|
|a BK
|
| 991 |
|
|
|b 201206
|
| 996 |
7 |
|
|b 2619528370
|c 2-0760.380
|l MZK
|r Sklad / do 1 hodiny
|n 0
|w 001253210
|u 000010
|a 1
|e BOA001
|j MZK50
|s A
|